000 00641nam a2200229Ia 4500
003 OSt
005 20221007072644.0
006 a|||||r|||| 00| 0
007 ta
008 221006b |||||||| |||| 00| 0 eng d
024 _a26,071
037 _cTextual
040 _aFLL
_cFLL
_beng
041 _2eng
_aeng
082 _aZ654:883, K9
100 _aOrojo J. Ola.
_9690932
245 0 _aGuide to the conduct and etiquette of legal practitioners
260 _aLondon
_bSweet & Maxwell Ltd. London
_c1969
300 _axii,1-110p
_ccm.
942 _hZ654:883, K9
_cTEXL
_2CC
999 _c1146653
_d1146653